Iconic Live Classic Rock Albums - Statistics

General Stats
  • This quiz has been taken 50 times
  • The average score is 16 of 50
Answer Stats
Live Album Year Answer % Correct
Get Yer Ya-Ya's Out! 1970 The Rolling Stones
78%
The Song Remains the Same 1976 Led Zeppelin
73%
Live at Leeds 1970 The Who
71%
Live Killers 1979 Queen
69%
_____ Comes Alive 1976 Peter Frampton
62%
Made in Japan 1972 Deep Purple
60%
If You Want Blood You've Got It 1978 AC/DC
56%
____ ____ at Budokan 1978 Cheap Trick
53%
Band of Gypsys 1970 Jimi Hendrix
53%
Alive! 1975 Kiss
47%
____ Over America 1976 Paul McCartney & Wings
47%
The Last Waltz 1978 The Band
47%
Rust Never Sleeps 1979 Neil Young & Crazy Horse
44%
Live Bullet 1976 Bob Seger & the Silver Bullet Band
42%
At Fillmore East 1971 The Allman Brothers Band
42%
Seconds Out 1977 Genesis
40%
Concert for Bangladesh 1971 George Harrison & Friends
40%
All the World's a Stage 1976 Rush
40%
The Concert in Central Park 1982 Simon & Garfunkel
40%
Live! Bootleg 1978 Aerosmith
38%
Live at Last 1980 Black Sabbath
38%
Just One Night 1980 Eric Clapton
38%
Running On Empty 1977 Jackson Browne
38%
___Songs 1973 Yes
38%
Before the Flood 1974 Bob Dylan & The Band
36%
Mad Dogs & Englishmen 1970 Joe Cocker
36%
One More For the Road 1976 Lynyrd Skynyrd
33%
Double Live Gonzo! 1978 Ted Nugent
33%
Bursting Out 1978 Jethro Tull
29%
Paris 1980 Supertramp
29%
Europe '72 1972 The Grateful Dead
29%
Live and Dangerous 1978 Thin Lizzy
29%
Welcome Back My Friends to the Show That Never Ends – Ladies and Gentleman 1974 Emerson, Lake & Palmer
27%
Captured 1981 Journey
27%
Performance Rockin' the Fillmore 1971 Humble Pie
18%
Two for the Show 1978 Kansas
16%
4 Way Street 1971 Crosby, Stills, Nash & Young
13%
Roxy & Elsewhere 1974 Frank Zappa & the Mothers
13%
You Get What You Play For 1977 REO Speedwagon
13%
It's Too Late to Stop Now 1974 Van Morrison
13%
Some Enchanted Evening 1978 Blue Oyster Cult
11%
USA 1975 King Crimson
11%
Rock 'n' Roll Animal 1974 Lou Reed
11%
Playing the Fool 1977 Gentle Giant
7%
Miles of Aisles 1974 Joni Mitchell
7%
Waiting for Columbus 1978 Little Feat
7%
Blow Your Face Out 1976 J. Geils Band
0%
What Do You Want from Live 1978 The Tubes
0%
Rock Festival 1970 The Youngbloods
0%
Back to the Bars 1978 Todd Rundgren
0%
No matching quizzes found
Score Distribution
Percent of People with Each Score
Percentile by Number Answered
Your Score History
You have not taken this quiz